000
00309nam a2200133Ia 4500
008
240624s9999 xx 000 0 und d
041
_a
eng
082
_a
823 ATW
100
_a
ATWOOD MARGARET
245
_a
BLIND ASSASIN
260
_c
2009
_a
New Delhi
_b
Virago
300
_a
641 : p. : cm. ; 22
365
_c
RS
999
_c
17106
_d
17106